000 01483cam a2200301 a 4500
005 20031230185550.0
008 940308s1993 enkab b 001 0 eng
010 _aENG-101679 B-425210-211
020 _c399.00
_a9788184000917
035 _aEN-85212 B-425210-211
037 _bDBAD/PUB
037 _bRBC/VEN
040 _adpl
_bEng
082 _a793.31954
100 1 _922405
_aSarma, Ramya
245 1 0 _aDance with jhalak dikhhla jaa/
_cby Ramya Sarma ; introduction by Saroj Khan
260 _aNoida
_bRandom House India
_c2010
270 _aMind Mill Corporate Tower, 2nd Floor, Plot No 24A Sector 16A,
_bNoida
_e201301
300 1 _a160p.:
_c28cm (pbk)
_bill
650 0 _922448
651 _922481
700 _922431
942 _2ddc
_cEN
_mSAR
_h793.31954
999 _c48287
_d48287